[Event "Klubbmesterskapet 2014 (A)"]
[Site "Ås, Akershus NOR"]
[Date "2014.03.27"]
[Round "8"]
[White "Flügel, Stefan"]
[Black "Høva, Frode"]
[Result "1-0"]
[WhiteElo "1681"]
[BlackElo "1540"]
[Annotator "Stefan Flügel"]
[PlyCount "89"]
[EventDate "2014.01.16"]

{593MB, Rybka3Gen.ctg} 1. b3 {[%emt 0:00:00]} e5 {[%emt 0:00:00]} 2. Bb2 Nc6 3.
Nf3 d6 4. d4 Bg4 5. dxe5 Bxf3 6. exf3 dxe5 7. Qxd8+ Rxd8 8. Bb5 Bb4+ {et nytt
trekk i følge online databank fra chessbase, Sc3 (som jeg også vurderte) blir
spilt her før} 9. c3 Bd6 10. O-O Nge7 11. Re1 O-O 12. Na3 a6 13. Bf1 b5 14. Nc2
Bc5 15. Rad1 Nf5 16. Bd3 g6 17. Be4 Nce7 18. Bb7 f6 {gir hvit en liten fordel,
anbefalt er...} (18... Rxd1 19. Rxd1 Nd6 20. Be4 (20. Bxa6 $2 Ra8) 20... Nxe4
21. fxe4 f5 {som er helt likt (0.00) i følge Rybka3}) 19. b4 Bb6 20. Bxa6 Nd6
21. a4 bxa4 22. Na3 (22. Ra1 {er objektivt bedre men jeg likte ikke å gi bort
kontrollen over d-linja}) 22... c5 23. Nc4 Nxc4 24. Bxc4+ Kg7 25. Ba3 Rc8 26.
Rd7 Rfe8 27. Bb5 cxb4 28. Bxb4 Bc5 29. Bxc5 Rxc5 30. c4 (30. Rb7 {vinner
kvaliteten}) 30... Kf8 31. Rd6 (31. Ra7 {beholder en liten fordel}) 31... Ra8
32. Rxf6+ Kg7 33. Ra6 {stillingen vurderes som helt likt av Rybka3} Rxa6 34.
Bxa6 Ra5 35. Bb5 $2 (35. Bb7 {holder likevekten} a3 36. Ra1 Nf5 37. Ra2 Nd4 38.
Kf1 Nb3 39. Be4 Nc1 40. Ra1 Nb3 {kunne for eksampel har ført til en grei remis}
) 35... a3 36. Ra1 Nf5 (36... a2 {det virker mer logisk å fastsette bonden på
a2} 37. g4 Kf6 38. Kf1 Ra3 39. Ke2 Ke6 {og hvit er nesten i trekkvang} 40. Kd2
(40. h4 Kd6 {og svart står klart best}) 40... Rxf3 41. Ke2 Ra3 42. Kd2 Kd6 43.
Kc2 Rf3 44. Rxa2 Rxf2+ 45. Kb3 Rxa2 46. Kxa2 Kc5 {og d-bonden blir veldig
farlig}) 37. Ra2 Nd4 38. h3 Ne2+ 39. Rxe2 a2 40. Rxa2 Rxa2 {Rybka3 mener det
er -0.8. Men jeg tror at hvit bør kunne holde der remis nokså lett} 41. Kf1 $2
{med remistilbudt} Kf6 {bedre var Tc2 for å tvinger løperen å forbli på den
dårligere siden av c-bonden} 42. Bc6 Ke7 43. Bd5 Kd6 44. Bg8 h6 $4 {Ta7 eller
Ta1+ Ke2 h6 var nødvendig} 45. c5+ $1 1-0

[Event "Klubbmesterskapet 2014 (A)"]
[Site "Ås, Akershus NOR"]
[Date "2014.03.27"]
[Round "8"]
[White "Lea, Per"]
[Black "Fuglseth, Jan"]
[Result "1-0"]
[WhiteElo "1662"]
[BlackElo "1584"]
[Annotator "Lea, Per"]
[PlyCount "77"]
[EventDate "2014.01.16"]

1. e4 c6 2. d4 d5 3. Nc3 dxe4 4. Nxe4 Nf6 5. Nxf6+ gxf6 ({I "gamle dager"
spilte man oftest} 5... exf6 {ut i fra den tankegangen at det er bedre å
beholde en solid kongestilling og få utviklet løperen raskt enn å bli stående
med en åpen g-linje. Nå følger man heller regelen: "slå mot sentrum!" På www.
chesslive.de er det ca dobbelt så mange partier (ca 8000 mot ca 4000) med gxf6
som exf6, og begge deler er spilt i 2014.}) 6. Bc4 {[%emt 0:00:00]} ({Her er
nok} 6. c3) ({og} 6. Nf3 {mer vanlig}) 6... Bf5 {[%eval 0,0] [%emt 0:00:00]} 7.
Nf3 e6 8. Bf4 Bd6 9. Bxd6 (9. Bg3 {er muligens bedre - en eventuell
dobbeltbonde til tross. Å gi fra seg kontroll over f4 kunne ha blitt
skjebnesvangert i mange varianter.}) 9... Qxd6 10. Qd2 ({Igjen er} 10. c3 {et
fornuftig alternativ}) 10... Nd7 11. O-O-O O-O-O 12. Rhe1 {Strengt tatt er det
ingen grunn til å tro at tårnet har noen framtid i e-linja, men "it seemed
like a good idea at the time"...} (12. Nh4) ({og} 12. Kb1 {har vært prøvd
tidligere}) 12... Nb6 13. Bb3 Nd5 14. c4 $2 ({Også her er} 14. Kb1) ({og} 14.
Nh4 {fornuftige alternativer}) 14... Nf4 $1 ({Ikke} 14... Nb4 $4 15. c5) 15. c5
Qc7 16. Bc2 Bg6 $2 ({Noen gang er faktisk primitive bonderov å foretrekke:} 
16... Nxg2 17. Rg1 Bxc2 18. Kxc2 Rhg8 {er mer enn godt nok for svart}) 17. g3
Nd5 18. Bxg6 hxg6 19. h4 Rhe8 20. Qc2 Rd7 21. Nd2 {Hvit har sett seg ut et
kjempefelt for springeren på d6, og siden det kan nås både via c4 og e4, er
det lite svart kan gjøre for å forhindre det.} Ne7 22. Ne4 Nd5 23. Nd6+ Rxd6
24. cxd6 Qxd6 25. Qc5 Kc7 26. Qxa7 Qb4 ({Etter} 26... Nb6 27. Qa5 Ra8 28. Qc5
Rxa2 29. Qxd6+ Kxd6 30. Kc2 {har svart en bonde for kvaliteten, og hvit må
være forberedt på å kjempe hardt for a realisere fordelen. En svart springer
på d5 kan aldri fordrives og kan være nok til å berge remis.}) 27. Qc5 Qa4 28.
Rd3 Qa8 29. Ra3 Qc8 30. Ra7 e5 31. Qa5+ Nb6 32. dxe5 Qf5 33. f4 Qd3 34. Qc3 {
Der fristende å bytte dronninger, men det spørs om det er verdt å få ødelagt
bondestillingen for å oppnå det.} (34. Qb4 Qxg3 35. Rd1 fxe5 36. Qd6+ Kc8 37.
Ra8+ Nxa8 38. Qd7+ Kb8 39. Qxe8+ Ka7 40. Qxe5 Ka6 $18 (40... Qxh4 $4 41. Qa5+
Kb8 42. Rd8+ Qxd8 43. Qxd8+ {1-0})) 34... Qd5 35. Ra5 Qg2 (35... Qe6 {gjør det
litt vanskeligere for hvit}) 36. exf6 Rd8 (36... Nd5 {er det minste av flere
onder. Nå blir det avgjørende mattangrep.}) 37. Re7+ Kb8 (37... Rd7 {er bare
marginalt bedre:} 38. Qe1 Qf3 39. Ra3 Qd5 40. Qe5+ Kc8 $18) 38. Qe5+ Kc8 39.
Qc7# 1-0

[Event "Klubbmesterskapet 2014 (A)"]
[Site "Ås, Akershus NOR"]
[Date "2014.03.27"]
[Round "8"]
[White "Kielland-Lund, Jon"]
[Black "Lange, Holger"]
[Result "1/2-1/2"]
[WhiteElo "1609"]
[BlackElo "1634"]
[Annotator "Lea, Per"]
[PlyCount "63"]
[EventDate "2014.01.16"]

1. c4 c5 2. Nf3 Nf6 3. d4 cxd4 4. Nxd4 Nc6 5. Nc3 d6 6. e4 Qa5 7. Nb3 Qc7 8.
Be2 e6 9. Bf4 a6 10. Qd2 Be7 11. Rd1 e5 12. Bg5 Be6 13. Bxf6 gxf6 14. O-O Qd7
15. f4 exf4 16. Qxf4 b6 17. Kh1 Qb7 18. Nd4 Nxd4 19. Rxd4 O-O-O 20. Nd5 Bxd5
21. Rxd5 Kb8 22. a4 a5 23. Bg4 (23. c5 $1 Qc6 (23... bxc5 $4 24. Rxc5 {1-0})
24. Bb5 Qc7 25. cxb6 Qb7 26. Bd3 $18) 23... Qc7 24. b3 Rdg8 25. Bf5 Rg5 26. h4
Rg7 27. h5 h6 28. g4 Rg5 29. Kh2 Rhg8 30. Kh3 Kb7 31. Rb5 Ka7 32. Rd5 (32. Qe3
Ka6 33. b4 Rb8 (33... axb4 34. a5 bxa5 35. Ra1 Ra8 36. Qd4 $18) 34. bxa5 bxa5
35. Rfb1 $18) 1/2-1/2

[Event "Klubbmesterskapet 2014 (A)"]
[Site "Ås, Akershus NOR"]
[Date "2014.03.27"]
[Round "8"]
[White "Holm, Bjarne"]
[Black "Furnes, Torstein"]
[Result "1-0"]
[WhiteElo "1447"]
[BlackElo "1595"]
[Annotator "Furnes,Torstein"]
[PlyCount "69"]
[EventDate "2014.01.16"]

1. e4 c5 2. Nf3 Nc6 3. d4 cxd4 4. Nxd4 e5 5. Nb3 Nf6 6. Nc3 Bb4 7. Bd3 d5 8.
exd5 Nxd5 9. Bd2 Nxc3 10. bxc3 Bd6 {Denne stillingen har oppstått 128 ganger
hos chesslive.de. Vanligste fortsettelser for hvit er rokade (84 partier)
eller Dh5 (32 partier).} 11. Qf3 {[%eval -54,16]} ({Relevant:} 11. Qh5 Qc7 12.
O-O Be6 13. Rfe1 g6 14. Qh6 Bf8 15. Qe3 Bd6 16. Nc5 Bxc5 17. Qxc5 b6 18. Qb5
O-O 19. Bh6 Rfd8 20. Rad1 Rd5 21. Qa4 Rc5 22. Qh4 f5 23. a4 Rxc3 24. Bd2 Rc5
25. Be3 Rc3 26. Bd2 Rc5 27. Be3 {1/2-1/2 (27) Badolati,S (2568)-Piccoli,F 
(2319) ICCF email 2009}) 11... O-O {[%eval -53,15]} 12. Be4 {[%eval -76,15]}
Qc7 $146 {[%eval -67,14]} ({Predecessor:} 12... Qe7 13. O-O f5 14. Bd5+ Be6 15.
Rfe1 e4 16. Bxe6+ Qxe6 17. Qh3 Qg6 18. f3 Rae8 19. fxe4 fxe4 20. Be3 Rf5 21.
Rad1 Bb8 22. g3 Ne5 23. Nd4 Rh5 24. Qf1 Rf8 25. Qe2 b5 26. Rf1 Re8 27. Bf4 Nf3+
28. Nxf3 Bxf4 29. Nd4 Bc7 30. a4 a6 31. axb5 axb5 32. Rb1 Bxg3 33. hxg3 Qxg3+
34. Qg2 Qe3+ 35. Qf2 Rg5+ 36. Kh2 Rh5+ 37. Kg2 Qh3+ {0-1 (37) Molnar,M-Waller,
H (2190) Zalakaros 1998}) 13. g4 {[%eval -108,15]} Ne7 {[%eval -109,13]} 14. h4
{[%eval -113,13]} Rb8 {[%eval -75,15]} 15. h5 {[%eval -76,16]} b6 $4 {[%eval
142,17] Som følge av dette svake trekket får vi et vendepunkt i partiet.
Hittil har Fritz 11 ment at svart har hatt en liten fordel, men nå overtar
hvit fordelen.} ({Fritz 11 foreslår} 15... f5 16. gxf5 Bxf5 17. h6 g6 $15) 16.
h6 {[%eval 128,17]} f5 {[%eval 142,16]} 17. hxg7 {[%eval 133,17]} Rf7 {[%eval
134,16]} 18. Qh3 {[%eval 133,16]} Rxg7 {[%eval 130,14]} 19. gxf5 {[%eval 134,
12]} Qc4 $2 {[%eval 262,15] Svart må prøve Kh8 eller Tf7.} 20. Qf3 {[%eval 240,
13]} Rf7 {[%eval 306,13]} 21. f6 {[%eval 133,14]} ({Fritz mener at hvits
sterkeste fortsettelse er} 21. Rg1+ Kh8 22. f6 $18) 21... Be6 {[%eval 438,12]}
({Fritz 11 foreslår:} 21... Rxf6 $1 22. Bxh7+ ({Ikke} 22. Qxf6 $4 Qxe4+ 23. Be3
Qxh1+ 24. Kd2 Qd5+ 25. Nd4 Ng6 (25... exd4 26. Bxd4 Be5 27. Qxe5 Qxe5 28. Bxe5
Rb7) 26. Rg1 Rb7 27. Qd8+ Kf7 28. Qxc8 exd4 29. cxd4 Rc7 {og svart vinner})
22... Kf7 23. Qh5+ Ng6 24. Rh4 Qc6 25. O-O-O $16) 22. Qg2+ {[%eval 436,15]} Kf8
{[%eval 441,13]} 23. fxe7+ {[%eval 434,14]} Kxe7 {[%eval 444,12]} 24. Rxh7 {
[%eval 367,14]} Rxh7 {[%eval 368,13]} 25. Bxh7 {[%eval 367,13]} Rf8 {[%eval
471,13]} 26. Bd3 {[%eval 463,15]} Qc7 {[%eval 608,13]} 27. Qg7+ {[%eval 377,16]
} Rf7 {[%eval 498,14]} 28. Qg5+ {[%eval 410,16]} Kd7 {[%eval 392,13]} 29. Bb5+
{[%eval 386,17]} Kc8 {[%eval 379,15]} 30. Qg8+ {[%eval 378,15]} Kb7 {[%eval
500,15]} 31. Qg2+ {[%eval 375,18]} Kb8 {[%eval 367,16]} 32. O-O-O {[%eval 364,
14]} Rg7 {[%eval 378,18]} 33. Qc6 {[%eval 381,16]} Qe7 {[%eval 514,18]} 34. Be3
{[%eval 418,16]} Rg8 $4 {[%eval 965,16]} 35. Qxd6+ {[%eval 964,18]} 1-0

[Event "Klubbmesterskapet 2014 (A)"]
[Site "Ås, Akershus NOR"]
[Date "2014.04.09"]
[Round "8"]
[White "Moberg, Jan Rune"]
[Black "Bakken, Svein-Erik"]
[Result "1/2-1/2"]
[WhiteElo "1506"]
[BlackElo "1408"]
[Annotator "Furnes,Torstein"]
[PlyCount "150"]
[EventDate "2014.01.16"]

1. d4 d5 2. c4 e6 3. Nf3 Nf6 4. g3 dxc4 5. a4 {[%eval -87,15]} ({Relevant:} 5.
Bg2 c5 6. O-O Nc6 7. dxc5 Qxd1 8. Rxd1 Bxc5 9. Nbd2 c3 10. bxc3 O-O 11. Nb3 Be7
12. c4 Bd7 13. Bb2 Rfd8 14. Nfd4 Rac8 15. Nb5 b6 16. Rac1 a5 17. a4 Be8 18.
Rxd8 Rxd8 19. h3 Nb4 20. c5 bxc5 21. Nxa5 Nfd5 22. Nb7 Rb8 23. Nxc5 Bxb5 24.
axb5 Rxb5 25. Ne4 f6 26. Nc3 Rc5 27. Nxd5 Rxc1+ 28. Bxc1 Nxd5 29. g4 g5 30. Be4
Nf4 31. Kf1 Nd5 32. e3 Kg7 33. Bc2 h6 34. Bb3 Kg6 {Andreikin,D (2709)
-Mamedyarov,S (2757) Khanty-Mansiysk 2014 1/2-1/2}) 5... Be7 {[%eval -24,16]}
6. Bg2 {[%eval -25,15]} Nc6 $146 {[%eval -11,17]} ({Predecessor:} 6... O-O 7.
O-O c5 8. e3 Nc6 9. dxc5 Bxc5 10. Qc2 Qd3 11. Qxd3 cxd3 12. Rd1 Rd8 13. Ne1 Ne5
14. Nd2 Rb8 15. b3 Nc6 16. Ne4 Be7 17. Bd2 b6 18. Bc3 Nxe4 19. Bxe4 Nb4 20.
Nxd3 Nxd3 21. Bxd3 Bb7 22. Be2 Rbc8 23. Bd4 Rc2 24. Bd3 Rcc8 25. Kf1 Bf3 26.
Be2 Bxe2+ 27. Kxe2 Rc2+ 28. Rd2 Rxd2+ 29. Kxd2 e5 30. Rc1 exd4 31. Rc7 dxe3+
32. Kxe3 Bc5+ 33. Ke2 g6 34. Rxa7 Rd4 35. Rc7 Bb4 36. Rc6 {Griffin,J-Robertson,
J Detroit 1999 0-1}) 7. O-O {[%eval -12,15]} O-O 8. Na3 h6 {[%eval 56,17]} 9.
Nxc4 {[%eval 50,15]} Nb4 {[%eval 93,17]} 10. Nfe5 {[%eval 90,15]} c6 {[%eval
122,17]} 11. a5 {[%eval 121,16]} Qc7 {[%eval 150,17]} 12. Qb3 {[%eval 149,15]}
Nd7 {[%eval 150,16]} 13. Bf4 {[%eval 136,16]} Nxe5 {[%eval 117,13]} 14. Bxe5 {
[%eval 116,18]} Qd7 {[%eval 133,16]} 15. Rac1 {[%eval 87,15]} Rd8 {[%eval 123,
18]} 16. Rfd1 {[%eval 122,16]} Qe8 {[%eval 130,16]} 17. e4 {[%eval 129,15]} c5
{[%eval 223,15]} 18. d5 {[%eval 110,16]} ({Fritz foretrekker} 18. dxc5 Rxd1+
19. Qxd1 $18) 18... exd5 {[%eval 137,16]} 19. exd5 {[%eval 151,14]} Bf6 {
[%eval 195,15]} 20. Bc7 {[%eval 194,17]} Bg4 {[%eval 195,17]} 21. Re1 {[%eval
180,15]} Qd7 {[%eval 229,16]} 22. Bxd8 {[%eval 228,15]} Rxd8 {[%eval 240,18]}
23. Ne5 {[%eval 231,18]} Bxe5 {[%eval 204,17]} 24. Rxe5 {[%eval 230,15]} Qd6 {
[%eval 240,18]} 25. Rce1 {[%eval 239,16]} Rf8 {[%eval 251,16]} 26. Qc4 {[%eval
239,17]} a6 $2 {[%eval 497,18]} 27. Qxg4 {[%eval 494,20]} Nd3 {[%eval 495,19]}
28. R5e3 {[%eval 496,20]} Nxe1 {[%eval 492,17]} 29. Rxe1 {[%eval 491,17]} b5 {
[%eval 658,18]} 30. axb6 {[%eval 617,17]} Qxb6 {[%eval 602,15]} 31. Qc4 {
[%eval 488,15]} Qxb2 {[%eval 617,17]} 32. Qxc5 {[%eval 608,16]} Qd2 {[%eval
879,16]} 33. Ra1 {[%eval 549,16]} ({Fritz foreslår} 33. Qe7 a5 34. d6 a4 35. d7
g6 36. Qxf8+ Kxf8 37. Re8+ Kg7 38. d8=Q $18) 33... Re8 {[%eval 580,16]} 34. Bf3
{[%eval 574,16]} Re5 {[%eval 627,15]} 35. Rxa6 {[%eval 611,17]} Rf5 $2 {[%eval
32760,7]} 36. Ra8+ {[%eval 782,13]} ({Hvit matter i 4 trekk med} 36. Qc8+ {
[%eval 32762,7] 36...Kh7 7.82} Kh7 {[%eval 32762,7]} 37. Qxf5+ {[%eval 32764,7]
} g6 {[%eval 32764,7]} 38. Qxf7+ {[%eval 32766,7]} Kh8 {[%eval 32766,7]} 39.
Ra8# {[%eval 0,0]}) 36... Kh7 {[%eval 783,17]} 37. Be4 $2 {[%eval -12,23]
Dermed faller Fritz-evalueringen fra +10 til 0.} Qe1+ {[%eval -11,13]} 38. Kg2
{[%eval -12,19]} Qxe4+ {[%eval -11,21]} 39. Kg1 {[%eval -12,19]} Rxd5 {[%eval
-11,18]} 40. Qc1 {[%eval -12,16]} Qf3 {[%eval -11,18]} 41. Ra1 {[%eval -13,16]}
g6 {[%eval -4,19]} 42. Qc4 {[%eval -13,18]} Kg7 {[%eval -5,18]} 43. Qc2 {
[%eval -4,16]} h5 {[%eval -1,20]} 44. h4 {[%eval 0,18]} Kh7 {[%eval 0,21]} 45.
Re1 {[%eval -1,17]} Kg7 {[%eval 0,25]} 46. Qb2+ {[%eval 0,22]} Kh7 {[%eval 0,
22]} 47. Qe2 {[%eval 0,19]} Qxe2 {[%eval 0,26]} 48. Rxe2 {[%eval 0,24]} Kg7 {
[%eval 0,23]} 49. f3 {[%eval 0,20]} f5 {[%eval 0,27]} 50. Kf2 {[%eval 0,27]}
Kf6 {[%eval 0,28]} 51. Ra2 {[%eval 0,27]} Rd4 {[%eval 0,28]} 52. Ra6+ {[%eval
0,27]} Kf7 {[%eval 0,25]} 53. Ke3 {[%eval 0,27]} Rb4 {[%eval 0,25]} 54. Rd6 {
[%eval 0,24]} Ra4 {[%eval 0,23]} 55. Rd4 {[%eval 0,25]} Ra6 {[%eval 0,24]} 56.
Kf4 {[%eval 0,28]} Kf6 {[%eval 0,25]} 57. Rb4 {[%eval 0,25]} Rc6 {[%eval 0,25]}
58. Rb3 {[%eval 0,30]} Rc4+ {[%eval 0,13]} 59. Ke3 {[%eval 0,28]} Rc6 {[%eval
0,27]} 60. Kd4 {[%eval 0,25]} Ra6 {[%eval 0,24]} 61. Rd3 {[%eval 0,22]} Ke6 {
[%eval 0,26]} 62. Re3+ {[%eval 0,26]} Kf6 {[%eval 0,26]} 63. Rb3 {[%eval 0,24]}
Ke6 {[%eval 0,24]} 64. Rb5 {[%eval -25,22]} Rd6+ {[%eval 0,23]} 65. Kc5 $2 $19
{[%eval -1100,21]} Ra6 {[%eval 0,23]} (65... Rd5+ {[%eval -1141,27] 66.Kd4 0.00
} 66. Kc4 {[%eval -1117,22]} Rxb5 {[%eval -1125,25]} 67. Kxb5 {[%eval -848,18]
og svart vinner}) 66. Rb3 {[%eval -22,20]} Kf6 {[%eval 0,22]} 67. Rc3 {[%eval
-47,19]} Re6 {[%eval 0,21]} 68. f4 {[%eval 0,28]} Ra6 {[%eval 0,26]} 69. Re3 {
[%eval 0,27]} Kf7 {[%eval 0,26]} 70. Rb3 {[%eval 0,24]} Kf6 $2 $18 {[%eval
1131,20]} 71. Rb4 $11 {[%eval -29,12]} (71. Rb6+ {[%eval 1034,25]} Rxb6 {
[%eval 1131,22]} 72. Kxb6 {[%eval 1284,23] er vinststilling for hvit ! Denne
stillingen og variantene som følger, har for øvrig allerede blitt analysert i
dybden av andre sjakkmotorer via "Let's check"-funksjonen i ChessBase 12. Det
betyr at akkurat denne stillingen har oppstått i et annet parti, og at noen
har valgt å la stillingen bli analysert av ledige sjakkmotorer på andre
maskiner via internett. Det å holde opposisjonen blir nå et viktig tema for
hvits vinstføring. F.eks.} Ke6 {[%eval 855,20]} (72... Kf7 {[%eval 1131,20]}
73. Kb7 $1 {[%eval 1034,22] Eneste vinsttrekk ! Hvit holder fjern-opposisjonen.
} Kf8 {[%eval 1203,20]} 74. Kc6 {[%eval 1063,24] (eneste vinsttrekk)} Kg7 {
[%eval 1035,21]} 75. Kc7 $1 {[%eval 1160,26] Igjen eneste vinsttrekk. Hvit
holder fjern-opposisjon.} Kf6 {[%eval 1198,22]} 76. Kd8 {[%eval 1362,30]} Kf7 {
[%eval 1161,23]} 77. Kd7 {[%eval 1362,28]} Kf6 {[%eval 1363,25]} 78. Ke8 {
[%eval 1466,26]} Kg7 {[%eval 1259,23]} 79. Ke7 {[%eval 1466,30]} Kg8 {[%eval
1458,28]} 80. Kf6 {[%eval 1499,28]} Kh7 {[%eval 1305,25]} 81. Kf7 {[%eval 1343,
25]} Kh6 {[%eval 1283,22]} 82. Kg8 {[%eval 1153,13]} g5 {[%eval 1273,19]} 83.
hxg5+ {[%eval 1284,13]} Kg6 {[%eval 1162,17]} 84. Kh8 {[%eval 1284,20]} Kf7 {
[%eval 1313,15]} 85. Kh7 {[%eval 1287,13] osv}) 73. Kc6 {[%eval 854,19]} Ke7 {
[%eval 855,18]} 74. Kc7 {[%eval 851,22]} Ke6 {[%eval 1010,20]} 75. Kd8 {[%eval
882,19]} Kd5 {[%eval 1035,16]} 76. Ke7 {[%eval 776,16]} Ke4 {[%eval 1035,12]}
77. Kf6 {[%eval 1034,17]} Kf3 {[%eval 1279,17]} 78. Kxg6 {[%eval 1297,15]} Kxg3
{[%eval 1239,16]} 79. Kg5 $1 {[%eval 1300,19] Et viktig mellomtrekk. Hvis hvit
istedet slår en av bøndene, er det bare remis.} Kf3 {[%eval 1301,16]} 80. Kxf5
{[%eval 1300,18] og hvit har matt i 12 trekk.}) 71... Re6 $18 {[%eval 11,13]
En feil. Nå kan hvit fremtvinge tårnbytte med påfølgende hvit vinststilling.} (
{Svart må prøve} 71... Ra3 {[%eval -28,8]} 72. Rb6+ {[%eval -29,14]} Kg7 {
[%eval -28,11]} 73. Kd5 {[%eval -29,10]} Rxg3 {[%eval -28,12]} 74. Rb7+ {
[%eval -29,13]} Kh6 {[%eval -28,11]} 75. Ke6 {[%eval -29,11]} Rf3 {[%eval -28,
11]} 76. Kf6 {[%eval -29,10]} Rc3 {[%eval -29,8]} (76... Rxf4 {[%eval 0,16]}
77. Rb8 {[%eval 0,15]} Kh7 {[%eval 0,12]} 78. Rb7+ {[%eval 0,63]} Kh6 {[%eval
0,13]} 79. Rb8 {[%eval 0,19]} Kh7 {[%eval 0,9]} 80. Rb7+ $11 {[%eval 0,63]})
77. Rb6 $11 {[%eval -23,7]}) 72. Rb6 {[%eval 423,15]} Rxb6 {[%eval 0,18]} ({
Svart taper også etter} 72... Kf7 {[%eval 11,9]} 73. Rxe6 {[%eval 380,14]} Kxe6
{[%eval 381,21]} 74. Kc6 {[%eval 371,19]}) ({eller} 72... Ke7 {[%eval 11,9]}
73. Rxe6+ {[%eval 628,18]} Kxe6 {[%eval 629,23]} 74. Kc6 {[%eval 628,21]}) 73.
Kxb6 {[%eval 255,16]} Ke6 {[%eval 256,19]} 74. Kc5 $2 $11 {[%eval 0,27] Hvit
går glipp av seieren. Hvit må holde opposisjonen.} ({Eneste vinsttrekk er} 74.
Kc6 $1 {[%eval 254,17] Se analysene etter trekk nr. 71.}) 74... Ke7 {[%eval 0,
26] Nå er stillingen død remis.} 75. Kd5 {[%eval 0,24]} Kf7 {[%eval 0,20]}
1/2-1/2